000
00312nam a22001337a 4500
003
ASAB
005
20180827062607.0
008
160113t xxu||||| |||| 00| 0 eng d
040
_c
ASAB
100
_a
Fred N. Kerlinger
_9
1474
245
_a
Foundations of behavioral research
300
_a
739
942
_2
ddc
_c
BK
999
_c
479945
_d
479945